000 00541cam a2200217 4500
001 B3479
008 090401t1991 xxu||||| |||| 00| 0 eng d
035 _a(Sirsi) u56219
041 _aeng
050 _a333.3370942393
110 _aChesterton
_92357
245 _aBristol business space outlook 1991
260 _aLondon
_bChesterton
_c1991
300 _a1 folded sheet (8p.) : ill.,map ; 30cm.
350 _a10
650 _aINDUSTRIAL PROPERTY
650 _aOFFICES
650 _aWAREHOUSES
942 _n0
948 _c04/03/1997
999 _c93744
_d93744